000 00255nam a2200109Ia 4500
008 220204s9999 xx 000 0 und d
082 _a159.9
_bCAM
245 0 _aPortable jung
260 _aLondon
_bPenguin
_c1976
700 _aCampbell, Joseph
942 _cBK
999 _c33063
_d33063